| 000 | 00471nam a2200133Ia 4500 | ||
|---|---|---|---|
| 008 | 150609s9999 xx 000 0 und d | ||
| 050 |
_aHD 28 _b.D948 2015 |
||
| 100 | _aDuran, Denzel S. | ||
| 245 |
_aSODURAN inventory management system / _cDenzel S. Duran. |
||
| 260 |
_aLas PiƱas, Philippines : _bSISC, _c2015. |
||
| 300 |
_a99 pages : _billustrations ; _c28 cm. |
||
| 500 | _aIncludes bibliographical references and appendices. | ||
| 650 | _aInventory Management System | ||
| 999 |
_c285037 _d285037 |
||